| Tag |
First Indicator |
Second Indicator |
Subfields |
| LEADER |
00000cam a2200000 a 4500 |
| 001 |
in00000086660 |
| 005 |
20151008062710.0 |
| 007 |
he bmb024bac| |
| 008 |
811022r1979 orua bb 00010 eng d |
| 035 |
|
|
|a (OCoLC)07870181
|
| 035 |
|
|
|9 AAK0759AM
|
| 040 |
|
|
|a Univ. of Oregon
|c XBM
|d XBM
|d UtOrBLW
|
| 049 |
|
|
|a TXAI
|
| 082 |
0 |
|
|a 152.4
|
| 099 |
|
|
|a fiche
|a C
|a 4215
|
| 100 |
1 |
|
|a Horsfall, J. Stuart
|q (John Stuart),
|d 1949-
|
| 245 |
1 |
0 |
|a Interrelationships among autonomic, self-report and behavioral measures of competitive arousal /
|c J. Stuart Horsfall.
|
| 264 |
|
1 |
|a [Place of publication not identified] :
|b [publisher not identified] ;
|c 1979.
|
| 300 |
|
|
|a xiii, 157 leaves :
|b illustrations
|
| 336 |
|
|
|a text
|b txt
|2 rdacontent
|
| 337 |
|
|
|a microform
|b h
|2 rdamedia
|
| 338 |
|
|
|a microfiche
|b he
|2 rdacarrier
|
| 500 |
|
|
|a Vita.
|
| 502 |
|
|
|b Ed. D.
|c University of Northern Colorado
|d 1979.
|
| 504 |
|
|
|a Bibliography: leaves 148-156.
|
| 533 |
|
|
|a Microfiche.
|b Eugene, Or. :
|c Microform Publications, College of Health, Physical Education and Recreation, University of Oregon,
|d 1981.
|e 2 microfiches : negative ; 11 x 15 cm.
|
| 500 |
|
|
|a Microform.
|
| 650 |
|
0 |
|a Competition (Psychology)
|
| 650 |
|
0 |
|a Arousal (Physiology)
|
| 650 |
|
0 |
|a Motor ability
|x Psychological aspects.
|
| 999 |
|
|
|a MARS
|
| 999 |
f |
f |
|s 9a6fb677-9372-30aa-aabe-2563a8432bbe
|i 9de02ef9-5827-3620-86dc-d8029ba3201b
|t 0
|
| 952 |
f |
f |
|p normal
|a Texas A&M University
|b College Station
|c Sterling C. Evans Library
|d Evans: Microforms (3rd floor)
|t 0
|e fiche C 4215
|h Other scheme
|i microform -- microfiche
|m A14821767232
|
| 998 |
f |
f |
|a fiche C 4215
|t 0
|l Evans: Microforms (3rd floor)
|